Văn hoá Nam Chiếu Đại Lý /
Salvato in:
| Autore principale: | |
|---|---|
| Natura: | Sách giấy |
| Lingua: | Vietnamese |
| Pubblicazione: |
H. :
Văn hoá - Thông tin,
2004.
|
| Soggetti: | |
| Tags: |
Aggiungi Tag
Nessun Tag, puoi essere il primo ad aggiungerne! !
|
| Thư viện lưu trữ: | Thư viện Trường Đại học Đà Lạt |
|---|
| LEADER | 00793nam a2200313 4500 | ||
|---|---|---|---|
| 001 | DLU110127708 | ||
| 005 | ##20111109 | ||
| 040 | # | # | |a DLU |b vie |
| 041 | # | # | |a vie |
| 044 | # | # | |a vn |
| 082 | # | # | |a 390.095 1 |b CH-H |
| 100 | # | # | |a Chiêm Toàn Hữu. |
| 245 | # | # | |a Văn hoá Nam Chiếu Đại Lý / |c Chiêm Toàn Hữu. |
| 260 | # | # | |a H. : |b Văn hoá - Thông tin, |c 2004. |
| 300 | # | # | |a 379 tr. ; |c 21 cm. |
| 504 | # | # | |a Tài liệu tham khảo: tr.373-375. |
| 651 | # | # | |a Trung Quốc |x Lịch sử. |
| 651 | # | # | |a Vân Nam (Trung Quốc) |x Văn minh. |
| 923 | # | # | |a 01/2011LS |
| 991 | # | # | |a SH |
| 992 | # | # | |a 45000 |
| 994 | # | # | |a KLS |
| 900 | # | # | |a True |
| 911 | # | # | |a Đào Thị Thu Huyền |
| 925 | # | # | |a G |
| 926 | # | # | |a A |
| 927 | # | # | |a SH |
| 980 | # | # | |a Thư viện Trường Đại học Đà Lạt |